000 00895nam a22001937a 4500
999 _c68701
_d68701
005 20210325211407.0
008 s2556 th ||||| |||| 00| 0 tha d
040 _aNALT
050 _aDS 578.32
_bอ686อ 2556
100 0 _aอำนาจ ชนะวงศ์
_942975
245 1 0 _aอำนาจ ชนะวงศ์ คนพื้น ๆ /
_cอำนาจ ชนะวงศ์.
260 _aกรุงเทพฯ :
_bโรงพิมพ์คลังนานาวิทยา,
_c2556.
300 _a113 หน้า :
_bภาพประกอบ ;
_c21 ซม.
600 0 4 _942976
_aอำนาจ ชนะวงศ์
_xชีวประวัติ
650 0 4 _aอำนาจ ชนะวงศ์ -- ชีวประวัติ
850 _aNALT
942 _cGB
_2lcc